| 000 | 00459nam a2200181Ia 4500 | ||
|---|---|---|---|
| 005 | 20250326144214.0 | ||
| 008 | 250326s9999 xx 000 0 und d | ||
| 037 | _aTextbook | ||
| 040 |
_aFMSL _beng _cFMSL |
||
| 041 |
_aeng _2eng |
||
| 084 | _qFMSL | ||
| 100 |
_aBRANDT _9749243 |
||
| 245 | 0 |
_aConflict and cooperation _cBrandt; Daugherty |
|
| 260 |
_aIllinois _bIllinois, Irwin _c1967 |
||
| 300 | _a344p | ||
| 942 | _cTB | ||
| 999 |
_c1302785 _d1302785 |
||